Estadísticas para Fronteras internacionales más largas

Haz click aquí para tomar la prueba!

Estadísticas generales

  • Esta prueba ha sido tomada 1,790 veces
  • La puntuación promedio es 21 de 26

Estadísticas de respuestas

País % Correcto
Estados Unidos
100%
Canadá
99%
China
99%
Rusia
99%
México
98%
Argentina
97%
Brasil
96%
Chile
96%
India
96%
Mongolia
96%
Kazajistán
90%
Colombia
89%
Pakistán
89%
Venezuela
88%
Bolivia
85%
Afganistán
82%
República del Congo
77%
República Democrática
del Congo
77%
Uzbekistán
75%
Bangladés
69%
Birmania
61%
Angola
56%
Vietnam
55%
Laos
52%
Malí
46%
Mauritania
43%

Distribución de puntuación

Porcentaje por número respondido

Porcentaje de gente con cada puntuación

Historial de tus puntuaciones

No has tomado esta prueba